На Западном фронте без перемен: роман; пер. с нем.

Bibliographische Detailangaben
1. Verfasser: Ремарк Э. М. Эрих Мария
Sprache:Russisch
Veröffentlicht: Москва, АСТ, 2014
Schriftenreihe:Возвращение с Западного фронта
Schlagworte:
Format: MixedMaterials Buch
KOHA link:https://koha.lib.tpu.ru/cgi-bin/koha/opac-detail.pl?biblionumber=344945

MARC

LEADER 00000nam0a2200000 4500
001 344945
005 20231102005722.0
010 |a 9785170828296 
035 |a (RuTPU)RU\TPU\book\376743 
090 |a 344945 
100 |a 20200625d2014 m y0rusy50 ca 
101 1 |a rus  |c ger 
102 |a RU 
105 |a y z 000ay 
200 1 |a На Западном фронте без перемен  |e роман  |e пер. с нем.  |f Э. М. Ремарк 
210 |a Москва  |c АСТ  |d 2014 
215 |a 252 с. 
225 1 |a Возвращение с Западного фронта 
606 1 |a Немецкая литература  |2 stltpush  |3 (RuTPU)RU\TPU\subj\45368  |9 64612 
610 1 |a романы 
610 1 |a Первая мировая война 1914-1918 
610 1 |a проза 
675 |a 83  |v 4 
700 1 |a Ремарк  |b Э. М.  |c немецкий писатель  |f 1898-1970  |g Эрих Мария  |2 stltpush  |3 (RuTPU)RU\TPU\pers\1594  |9 686 
801 1 |a RU  |b 63413507  |c 20200625 
801 2 |a RU  |b 63413507  |c 20200715  |g RCR 
942 |c BK